Rodzaje wybrzeży w Europie - Statystyki

Ogólne statystyki
  • Ten quiz został rozwiązany 51 razy
    50 od ostatniego zresetowania
  • Średni wynik to 5 z 7
Statystyki odpowiedzi
Opis Gdzie występuje Rodzaj % Poprawnych
Powstaje w wyniku zalania morzem długich, wąskich, głębokich polodowcowych dolin (fiordów) na obszarach górskich. Norwegia, Szkocja (Wielka Brytania) Fiordowe
90%
Wyróżnia się piaszczystym wałem nadbudowanym od strony morza przez fale. Ten wał, zwany lido, wynurzając się z morza, odcina część zatoki, powstaje wówczas płytka i słabo zasolona laguna. Włochy, Ukraina, Floryda (USA) Lagunowe
85%
Powstaje w wyniku częściowego zatopienia silnie zmutonizowanego (zmienionego przez lodowiec) obszaru polodowcowego. Charakteryzuje się obecnością setek małych, sterczących wysepek, zwanych szkierami. Szwecja, Finlandia, Alaska (USA) Szkierowe
85%
Wybrzeże, na którym w czasie przypływu zalewane są ujściowe odcinki rzek o charakterze lejkowym. Po pewnym czasie mogą powstać limany, czyli zatoki utworzone z ujściowego odcinka jaru rzeki. Ukraina, Rosja (Morze Czarne) Limanowe
82%
Powstaje w wyniku zalania gór ułożonych równolegle do linii brzegowej. Cechuje je wiele wysp i półwyspów. Chorwacja, Kalifornia (USA) Dalmatyńskie
77%
Powstaje w wyniku podnoszenia się poziomu wód morskich lub obniżenia ląd na skraju obszaru górskiego. Islandia, Irlandia Riasowe
72%
Wybrzeże składające się z odcinków niszczonych i narastających, wskutek czego zmniejsza się równocześnie linia brzegowa Francja, Włochy, Hiszpania Wyrównane
15%
Nie znaleziono quizów pasujących do podanych kryteriów
Rozkład punktacji
Procent ludzi z każdym wynikiem
Percentyl według liczby udzielonych odpowiedzi
Twoja historia wyników
Nie rozwiązałeś tego quizu od ostatniego zresetowania